| 000 | 01160cam a22003134a 4500 | ||
|---|---|---|---|
| 999 |
_c328390 _d328390 |
||
| 001 | 15342377 | ||
| 003 | Nust | ||
| 005 | 20170406122847.0 | ||
| 008 | 080624s2009 nyu b 000 1 eng | ||
| 010 | _a 2008028252 | ||
| 020 | _a9788184000597 | ||
| 040 |
_aDLC _cDLC _dDLC |
||
| 043 |
_af-et--- _an-us-ny |
||
| 050 | 0 | 0 |
_aPS3622.E744 _bC87 2009 |
| 082 | 0 | 0 |
_a813.6 _bVER |
| 100 | 1 |
_aVerghese, A. _q(Abraham), _d1955- |
|
| 245 | 1 | 0 |
_aCutting for stone : _ba novel / _cAbraham Verghese. |
| 250 | _a1st ed. | ||
| 260 |
_aNew York : _bAlfred A. Knopf, _c2009. |
||
| 300 |
_a541 p. ; _c24 cm |
||
| 504 | _aIncludes bibliographical references. | ||
| 650 | 0 |
_aPhysicians _vFiction. |
|
| 650 | 0 |
_aBrothers _vFiction. |
|
| 650 | 0 |
_aFathers and sons _vFiction. |
|
| 651 | 0 |
_aEthiopia _vFiction. |
|
| 651 | 0 |
_aBronx (New York, N.Y.) _vFiction. |
|
| 906 |
_a7 _bcbc _corignew _d1 _eecip _f20 _gy-gencatlg |
||
| 942 |
_2ddc _cBK |
||